US Capital Match-Up Quiz Stats

Quiz not verified by Sporcle

Score 0/31 Timer 04:00
0 Plays Today
% Correct
BIS
97.8%
ATL
96.7%
OLY
96.7%
FRA
95.6%
ANN
95.6%
HON
94.5%
DES
94.5%
NAS
87.9%
AU
87.9%
JU
86.8%
PH
86.8%
CHE
86.8%
AU
84.6%
RIC
84.6%
DE
83.5%
AL
83.5%
% Correct
JA
82.4%
LIN
82.4%
TR
82.4%
SAN
82.4%
RA
82.4%
CO
82.4%
BO
81.3%
COL
81.3%
TO
78%
LA
76.9%
SAI
75.8%
HE
73.6%
PI
71.4%
CO
68.1%
MA
65.9%

You're not logged in!

Compare scores with friends on all Sporcle quizzes.
Join for Free
OR
Log In

You Might Also Like...

Show Comments

Extras

Top Quizzes Today


Score Distribution

Your Account Isn't Verified!

In order to create a playlist on Sporcle, you need to verify the email address you used during registration. Go to your Sporcle Settings to finish the process.

Report this User

Report this user for behavior that violates our Community Guidelines.

Details: